Estudios sobre los legados según el derecho civil chileno
Salvato in:
| Autore principale: | |
|---|---|
| Natura: | Libro |
| Lingua: | spagnolo |
| Pubblicazione: |
Santiago
Abeledo Perrot
2012
Santiago Legal publishing 2012 |
| Edizione: | 1a. ed |
| Soggetti: | |
| Tags: |
Aggiungi Tag
Nessun Tag, puoi essere il primo ad aggiungerne!!
|
MARC
| LEADER | 00000cam a2200000 a 4500 | ||
|---|---|---|---|
| 001 | UCE3756 | ||
| 003 | CL-VaPUC | ||
| 008 | 140925e20120000cl |||||||||||||||||spa|d | ||
| 020 | |a 9789563461961 | ||
| 082 | 0 | 4 | |a 346.83 |b GUZ |2 21 |
| 100 | |a Guzmán Brito, Alejandro Ángel |e autor |9 388 | ||
| 245 | 1 | 0 | |a Estudios sobre los legados según el derecho civil chileno |
| 250 | |a 1a. ed | ||
| 300 | |a 284 p | ||
| 942 | |c BK | ||
| 945 | |d 20140925 17:45:00 |a arojas | ||
| 260 | |a Santiago |b Abeledo Perrot |c 2012 | ||
| 260 | |a Santiago |b Legal publishing |c 2012 | ||
| 650 | 0 | |a Derecho civil chileno |9 320612 | |
| 650 | 0 | |a Derecho civil |9 255013 | |
| 650 | 7 | |a LEGADOS |2 CL-VaPUC |9 256326 | |
| 651 | 7 | |a CHILE |2 CL-VaPUC |9 576275 | |
| 583 | |a last modification |c 20140925 17:45:00 |k Rodrigo Vera | ||
| 999 | |c 356917 |d 356915 | ||
| 952 | |0 0 |1 0 |2 ddc |3 erd |4 0 |6 346_830000000000000_GUZ_2012_2012 |7 1 |8 C_LRYV |9 464690 |a BIBDER |b BIBDER |i 5114535 |o 346.83 GUZ 2012 2012 |p 5114535 |r 2023-01-25 |w 2019-11-23 |y BK_X |z Catalogado en:20140925 |k BRV | ||